ZIOŁA, KTÓRE MOŻESZ ZNALEŹĆ W POLSKIM OGRÓDKU - Statystyki

Ogólne statystyki
  • Ten quiz został rozwiązany 56 razy
  • Średni wynik to 3 z 5
Statystyki odpowiedzi
Odpowiedź % Poprawnych
OREGANO
76%
BAZYLIA
73%
KOPER
61%
LUBCZYK
51%
MAJERANEK
47%
Nie znaleziono quizów pasujących do podanych kryteriów
Rozkład punktacji
Procent ludzi z każdym wynikiem
Percentyl według liczby udzielonych odpowiedzi
Twoja historia wyników
Nie rozwiązałeś tego quizu